zpět

Detail výsledku týmu

Bar U Souseda, Plzeň

Datum a čas kvízu

32.5 Celkem bodů Celkový počet nahraných bodů na tomto kvízu bez doplňovacích otázek.
11. Pořadí na kvízu Konečné umístění týmu na tomto kvízu.

Zaznamenané odpovědi

# Otázka Odpověď Body Výsledky
1. Předseda Nejvyššího soudu přij... Pavel Šámal 0
2. Jediná letadlová loď ruského n... Kuzněcov 1
3. V pondělí nás ve věku 61 let o... Marie Fredriksson, Per Gessle 1
4. Společnost Walmart se omluvila... propagace užívání drog 1
5. Síň slávy českého hokeje rozší... Milan Hejduk, Jiří Šlégr 1
6. Plzeňské Odumřelé buňky se v l... vchod 1
7. "Dám vám hádanku a když ji uhá... kamizola 1
8. Ty knedlíky připomínají vajíčk... mořské želvy 1
9. „Prase počká. Ty jsi přednější... Pandrholo 1
10. "Žvejka to je hrozný hnus, žve... Willy Wonka 1